000 00450nam a2200193Ia 4500
008 170918s9999 xx 000 0 und d
020 _a9780439577564
050 _bY471 2000
100 _aYep, Laurence
245 _aCockroach cooties /
245 _cby Laurence Yep.
260 _aNew York :
260 _bScholastic,
260 _c2000
300 _a185 pages :
300 _bcolored illustration ;
300 _c19cm.
500 _a440
999 _c343117
_d343117